| 000 | 00769nam a22002297i 4500 | ||
|---|---|---|---|
| 999 |
_c22969 _d22969 |
||
| 003 | AR-CdUCM | ||
| 008 | 240809b20162016 pe||||| |||| 00| 0 spa d | ||
| 020 | _a978-612-314-471-5 | ||
| 040 |
_aMUNICIPALIDAD PROVINCIAL DEL CUSCO _cBIBLIOTECA MUNICIPAL DEL CUSCO |
||
| 082 |
_aEP / 376.36 / O38R _bO38R |
||
| 100 |
_aOjeda Zañartu, Erlita. _950081 |
||
| 245 | _aEl rey Cuervo / | ||
| 260 |
_aLima : _bEdiciones COREFO S.A.C, _c2016 |
||
| 300 |
_a15 páginas. : _bIlustraciones a color, _c28 cm. |
||
| 505 | _aBasado en la obra de Los hermanos Grimm | ||
| 650 |
_aLiteratura infantil _9588 |
||
| 650 |
_aCuento _94671 |
||
| 650 |
_aRazonamiento verbal _950154 |
||
| 700 |
_aD’Arraigo, Alfredo [Ilustrador] _950152 |
||
| 942 |
_2ddc _cLIBROS |
||
| 945 |
_apbj _d2024-08-07 |
||